El campo, la ciudad, el cielo / (Record no. 110026)

MARC details
000 -LEADER
campo de control de longitud fija 00569nam a2200169 4500
001 - NÚMERO DE CONTROL
campo de control 110026
003 - IDENTIFICADOR DE NÚMERO DE CONTROL
campo de control ES-MaACL
007 - CAMPO FIJO DE DESCRIPCIÓN FÍSICA--INFORMACIÓN GENERAL
campo de control de longitud fija t|
008 - DATOS DE LONGITUD FIJA--INFORMACIÓN GENERAL
campo de control de longitud fija 061121s1929 sp r ||||1| spa d
100 1# - ENTRADA PRINCIPAL--NOMBRE DE PERSONA
Nombre de persona Obregón, Antonio de,
Fechas asociadas al nombre 1910-1985
9 (RLIN) 86423
245 13 - MENCIÓN DEL TÍTULO
Título El campo, la ciudad, el cielo /
Mención de responsabilidad, etc. Antonio de Obregón.
260 ## - PUBLICACIÓN, DISTRIBUCIÓN, ETC.
Lugar de publicación, distribución, etc. Madrid :
Nombre del editor, distribuidor, etc. Compañía Ibero-Americana de publicaciones,
Fecha de publicación, distribución, etc. 1929.
300 ## - DESCRIPCIÓN FÍSICA
Extensión 141 p. ;
Dimensiones 20 cm.
505 8# - NOTA DE CONTENIDO CON FORMATO
Nota de contenido con formato Contiene: 1. Llegada - poemas en verso 2. La vida múltiple - poemas en prosa
852 ## - LOCALIZACIÓN
Ubicación ES-MaACL
Número de control de estantería B-3327
Holdings
Estatus retirado Estado de pérdida Estado de daño No para préstamo Biblioteca de origen Biblioteca actual Ubicación en estantería Fecha de adquisición Fuente de adquisición Total de préstamos Signatura topográfica completa Código de barras Visto por última vez Precio de reemplazo Tipo de ítem Koha
        Biblioteca del Ateneo de Madrid Biblioteca del Ateneo de Madrid Sala Pardo Bazán 17/01/2008     B-3327 1114795 23/02/2023 23/02/2023 Libro impreso